Igneous and metamorphic petrology / (Record no. 182611)
[ view plain ]
| 000 -LEADER | |
|---|---|
| fixed length control field | 00785 a2200217 4500 |
| 003 - CONTROL NUMBER IDENTIFIER | |
| control field | Nust |
| 005 - DATE AND TIME OF LATEST TRANSACTION | |
| control field | 20221013133431.0 |
| 010 ## - LIBRARY OF CONGRESS CONTROL NUMBER | |
| LC control number | 2002066697 |
| 020 ## - INTERNATIONAL STANDARD BOOK NUMBER | |
| International Standard Book Number | 1405105887 (alk. paper) |
| 040 ## - CATALOGING SOURCE | |
| Transcribing agency | Nust |
| 082 00 - DEWEY DECIMAL CLASSIFICATION NUMBER | |
| Classification number | 552.1,BES |
| 100 1# - MAIN ENTRY--PERSONAL NAME | |
| Personal name | Best, Myron G. |
| 9 (RLIN) | 2336 |
| 245 10 - TITLE STATEMENT | |
| Title | Igneous and metamorphic petrology / |
| Statement of responsibility, etc. | Myron G. Best. |
| 250 ## - EDITION STATEMENT | |
| Edition statement | 2nd ed. |
| 260 ## - PUBLICATION, DISTRIBUTION, ETC. | |
| Place of publication, distribution, etc. | Malden, MA : |
| Name of publisher, distributor, etc. | Blackwell Publishers, |
| Date of publication, distribution, etc. | 2003. |
| 300 ## - PHYSICAL DESCRIPTION | |
| Extent | xxi, 630 p. : |
| Other physical details | ill., maps ; |
| Dimensions | 28 cm. |
| 505 ## - FORMATTED CONTENTS NOTE | |
| Formatted contents note | Part-1: Magmatic Rock Bodies (Page-33), Part-2: Magmatic Systems (Page-223), Part-3: Metamorphic and Systems (Page-341), <br/>Part-4: The Early History of the Earth and other Planetary Bodies (Page-529). |
| 650 #0 - SUBJECT ADDED ENTRY--TOPICAL TERM | |
| Topical term or geographic name entry element | Rocks, Igneous. |
| 9 (RLIN) | 100183 |
| 650 #0 - SUBJECT ADDED ENTRY--TOPICAL TERM | |
| Topical term or geographic name entry element | Rocks, Metamorphic. |
| 9 (RLIN) | 100184 |
| 942 ## - ADDED ENTRY ELEMENTS (KOHA) | |
| Source of classification or shelving scheme | |
| Koha item type | Book |
| Withdrawn status | Lost status | Source of classification or shelving scheme | Damaged status | Not for loan | Permanent Location | Current Location | Shelving location | Date acquired | Full call number | Barcode | Date last seen | Price effective from | Koha item type | Public note |
|---|---|---|---|---|---|---|---|---|---|---|---|---|---|---|
| Military College of Signals (MCS) | Military College of Signals (MCS) | General Stacks | 12/12/2016 | 552.1,BES | MCS33483 | 12/08/2016 | 12/12/2016 | Book | Almirah No.25, Shelf No.6 |
